000 02660nam0a2200421 i 4500
001 RU\NLR\BIBL_A\010413140
005 20260407163320.0
010 _a9785901709382
_9500
021 _aRU
_b2014-33214
_92031
035 _a(NILC)RuMoRGB-007488952
035 _a(NLR Aleph) 010413140
090 _a9771309
_c9771309
100 _a20140708d2014 k y0rusy50 ca
101 0 _arus
_aeng
_atat
102 _aRU
105 _aa|||7|||101yy
200 1 _aПроблемы и перспективы развития индустрии сервиса, торговли и общественного питания в современной России
_eматериалы международной научно-практической конференции
_f[под. ред. д.э.н., проф. И.Т. Насретдинова]
210 _aМосква
_cКазанский кооперативный институт (филиал) Российского университета кооперации
_cИздательский дом Центросоюза
_d2014
215 _a491 с.
_cил.
_d20
300 _aВ надзаг.: Автоном. некоммерч. орг. высш. образования Центросоюза Рос. Федерации "Рос. ун-т кооперации", Каз. кооператив. ин-т
300 _aЧасть текста на англ. и тат. яз.
320 _aБиблиогр. в конце ст. и в подстроч. примеч.
606 1 _aБанковские услуги
_jСъезды, совещания и т.п
_xКачество
_91980509
_3RU\NLR\AUTH\66908350
606 _aАвтомобили
_jСъезды, совещания и т.п
_xТорговля
_91044123
_3RU\NLR\AUTH\6684521
606 1 _aТорговля
_jСъезды, совещания и т.п
_xРегулирование
_yРоссийская Федерация
_92622081
_3RU\NLR\AUTH\661558641
606 _aПищевая промышленность
_jСъезды, совещания и т.п
_xИнновационная деятельность
_92312384
_3RU\NLR\AUTH\661383873
686 1 _aУ30(2)67-82я431(0)
686 1 _aУ30(2)67-55я431(0)
686 1 _aУ26(2)210-805я431
686 1 _aУ42(0)152.36я431
686 1 _aУ42(2)1-18я431(0)
702 1 _aНасретдинов
_bИ. Т.
_gИльдар Талифович
_4340
712 0 2 _4570
_aКазанский кооперативный институт
_3RU\NLR\AUTH\8810102057
_9704860
801 0 _aRU
_bРГБ
_c20140514
_gRCR
942 _cBOOK
980 _aNBR